00209nam a22001097a 4500040000700000100000700007245003800014260001800052300000700070942000700077999001500084 cSY aNA aAssuring food safety and quality. aFOAbNAc1997 a71 cEB c8611d8611